El hombre acecha ; Cancionero y romancero de ausencias /
Guardat en:
| Autor principal: | |
|---|---|
| Altres autors: | , |
| Format: | Llibre |
| Idioma: | espanyol |
| Publicat: |
Madrid :
Catedra,
c1988
|
| Edició: | 3. ed |
| Col·lecció: | Letras hispánicas ;
197 |
| Etiquetes: |
Sense etiquetes, Sigues el primer a etiquetar aquest registre!
|
MARC
| LEADER | 00000nam a22000007i 4500 | ||
|---|---|---|---|
| 001 | IT\ICCU\PUV\0938483 | ||
| 003 | ItRI | ||
| 005 | 20260115231843.0 | ||
| 008 | 030926s1988 sp |||||| ||||| |||||c | ||
| 020 | |a 8437604621 | ||
| 040 | |b ita |c importazione bologna sebina | ||
| 041 | 7 | |a spa |2 ISO-639-2 | |
| 100 | 1 | |a Hernández, Miguel |0 IT\ICCU\RAVV\083493 |4 aut | |
| 245 | 1 | 3 | |a El hombre acecha ; Cancionero y romancero de ausencias / |c Miguel Hernandez ; edicion de Leopoldo de Luis y Jorge Urrutia. |
| 250 | |a 3. ed | ||
| 260 | |a Madrid : |b Catedra, |c c1988 | ||
| 300 | |a 254 p. ; |c 18 cm. | ||
| 700 | 1 | |a Luis, Leopoldo : de |0 IT\ICCU\MILV\094615 | |
| 700 | 1 | |a Urrutia, Jorge |0 IT\ICCU\MILV\091259 | |
| 777 | 1 | |w IT\ICCU\MIL\0179834 |t El hombre acecha. |a Hernández, Miguel |0 IT\ICCU\RAVV\083493 | |
| 777 | 1 | |w IT\ICCU\MIL\0179837 |t Cancionero y romancero de ausencias. |a Hernández, Miguel |0 IT\ICCU\RAVV\083493 | |
| 790 | 1 | |a De Luis, Leopoldo |3 IT\ICCU\TSAV\360710 |z Luis, Leopoldo : de | |
| 790 | 1 | |a Hernandez Giner, Miguel |3 IT\ICCU\MILV\112307 |z Hernández, Miguel | |
| 790 | 1 | |a Urrutia Gómez, Jorge |3 IT\ICCU\PUVV\477804 |z Urrutia, Jorge | |
| 830 | 0 | |a Letras hispánicas ; |v 197 |0 IT\ICCU\CFI\0146253 | |
| 942 | |2 ddc |c BK |n 0 | ||
| 952 | |0 0 |1 0 |4 0 |6 DOC_861_620000000000000_HER |7 0 |9 14330 |a BO |b BO |d 2026-01-15 |i 5377 |l 0 |o DOC 861.62 HER |p BO5377 |r 2026-01-15 23:18:43 |w 2026-01-15 |x [Sebina 5] [1 v.] |y BK |z 1 v. | ||
| 999 | |c 12367 |d 12367 | ||